| 000 | 00474nam a2200205Ia 4500 | ||
|---|---|---|---|
| 008 | 210210b1945 xxu||||| |||| 00| 0 eng d | ||
| 041 | _aeng | ||
| 082 | _a822/458 | ||
| 100 | _aGLOVER (T R) | ||
| 245 | _aSprings of hellas and other essays | ||
| 260 |
_aCanbridge _bAt the University Press _c1945 |
||
| 650 | _aSprings | ||
| 650 | _aother | ||
| 650 | _aof | ||
| 650 | _ahellas | ||
| 650 | _aessays | ||
| 650 | _aand | ||
| 690 | _aEnglish Prose | ||
| 906 | _a012644 | ||
| 999 |
_c131454 _d131454 |
||